Buch, ¿Qué hiciste con tus hermanos? /

Wedi'i Gadw mewn:
Manylion Llyfryddiaeth
Prif Awdur: Boff, Leonardo
Fformat: Texto
Pynciau:
Tagiau: Ychwanegu Tag
Dim Tagiau, Byddwch y cyntaf i dagio'r cofnod hwn!

MARC

LEADER 00000 a a2200000 04500
001 18251
003
040
100 |a Boff, Leonardo  
245 |a Buch, ¿Qué hiciste con tus hermanos? /  |c Leonardo Boff 
650 |a GUERRA  
650 |a ESTADOUNIDENSES  
773 |g número 95; páginas 98-99  
999 |c 34996  |d 34996